000 00665nam a2200181Ia 4500
008 100920s9999 xx 000 0 und d
082 _b10276
_a28 व 51 0
100 _a---
245 _aथोरल्या माधवरावाची कथा.
260 _bचित्रशाळा प्रकाशन,पुणे2.
_c0
300 _a36
_bसाधी
365 _b0.5
520 _aबा. वि चरित्र.
630 _aथोरल्या माधवरावाची कथा.
650 _aबा. वि चरित्र.
730 _aथोरल्या माधवरावाची कथा.
942 _cBOOK
999 _c676761
_d676758